| 000 | 01001nac a22002171u 4500 | ||
|---|---|---|---|
| 008 | 100906t xxu||||| |||| 00| 0 eng d | ||
| 010 | _a2002281046 | ||
| 020 | _a0078226414 (student text) | ||
| 082 | 0 | 0 |
_a006.454 _bC5921 |
| 100 |
_aClark, Lyn. _918321 |
||
| 245 | 1 | 0 |
_aVoice recognition with software applications / _cLyn R. Clark. |
| 260 |
_aNew York : _bMcGraw-Hill, _cc2002. |
||
| 300 |
_axix, 508 p. : _bcol. ill. ; _c28 cm. + _e1 CD-ROM (4 3/4 in.) |
||
| 500 | _aIncludes index. | ||
| 650 | 0 |
_aAutomatic speech recognition. _918322 |
|
| 650 | 0 |
_aDictation (Office practice) _918323 |
|
| 856 | 4 | 2 |
_3Publisher description _uhttp://www.loc.gov/catdir/description/mh031/2002281046.html |
| 856 | 4 | 2 |
_3Table of contents _uhttp://www.loc.gov/catdir/toc/mh031/2002281046.html |
| 942 |
_cBB _k006.454C5921 _2ddc |
||
| 999 |
_c678 _d678 |
||